000 00322nam a2200133Ia 4500
008 190216s9999||||xx |||||||||||||| ||und||
100 _aGupta.R.B And Anita Kaithal
245 0 _aDesign And Production Process
250 _a1st Ed.
260 _bSatya Prakasan
_c1994
300 _a651
650 _aComputer
942 _cBK
999 _c8555
_d8555